000 01147nam a2200277Ia 4500
003 OSt
005 20220923210953.0
006 a|||||r|||| 00| 0
007 ta
008 220922b |||||||| |||| 00| 0 hin d
020 _a812631043X (hbk)
_c125
024 _a240,846
037 _bL/001094-R, 11/03/2010, Bharatiya Gyanpith
_cTextual
040 _aARTS
_cARTS
_bhin
041 _2hin
_ahin
082 _aO152,1N26w, P4
100 _aधर्मवीर भारती; पुष्पा भारती, संपा.
_9156685
245 0 _aधर्मवीर भारती से साक्षात्कार
246 _aDharmavīr bhāratī se sākṣhātkāra
250 _aदूसरा संस्करण
260 _aदिल्ली
_b भारतीय ज्ञानपीठ
_c2004
300 _a180पृ.
_ccm.
650 _aहिन्दी साहित्य
_9156264
942 _hO152,1N26w, P4
_cTEXL
_2CC
999 _c293320
_d293320